Santificad las fiestas : (Record no. 15197)
[ view plain ]
| 000 -CABECERA | |
|---|---|
| campo de control de longitud fija | 00956cam a2200253 a 4500 |
| 001 - NÚMERO DE CONTROL | |
| campo de control | 000015645 |
| 005 - FECHA Y HORA DE LA ÚLTIMA TRANSACCIÓN | |
| campo de control | 20200929164113.0 |
| 008 - DATOS DE LONGITUD FIJA--INFORMACIÓN GENERAL | |
| campo de control de longitud fija | 981015s1998 ck a 000 0 spa |
| 020 ## - NÚMERO INTERNACIONAL ESTÁNDAR DEL LIBRO | |
| Número Internacional Estándar del Libro | 9588052025 |
| 040 ## - FUENTE DE LA CATALOGACIÓN | |
| Centro catalogador/agencia de origen | DO-SdBNP |
| Lengua de catalogación | spa |
| Centro/agencia transcriptor | BNPHU |
| 082 ## - NÚMERO DE LA CLASIFICACIÓN DECIMAL DEWEY | |
| Número de clasificación | 398.0986 |
| Número de documento/Ítem | S211s |
| 049 ## - FONDOS LOCALES (OCLC) | |
| Fondos de biblioteca | BNNGR |
| 100 1# - ENTRADA PRINCIPAL--NOMBRE DE PERSONA | |
| Nombre de persona | Sánchez Ocampo, Carlos, |
| Fechas asociadas al nombre | 1957- |
| 9 (RLIN) | 35246 |
| 245 10 - MENCIÓN DE TÍTULO | |
| Título | Santificad las fiestas : |
| Resto del título | reportajes y fotografías / |
| Mención de responsabilidad, etc. | Carlos Sánchez Ocampo, Eliza Mejía; presentación Ramiro Osorio Fonseca. |
| 260 ## - PUBLICACIÓN, DISTRIBUCIÓN, ETC. | |
| Lugar de publicación, distribución, etc. | Santa Fe de Bogotá, Colombia : |
| Nombre del editor, distribuidor, etc. | Ministerio de Cultura, |
| Fecha de publicación, distribución, etc. | 1998. |
| 300 ## - DESCRIPCIÓN FÍSICA | |
| Extensión | 230 p. : |
| Otras características físicas | il. ; |
| Dimensiones | 26 cm. |
| 650 #4 - PUNTO DE ACCESO ADICIONAL DE MATERIA--TÉRMINO DE MATERIA | |
| Término de materia o nombre geográfico como elemento de entrada | Festividades religiosas |
| Subdivisión geográfica | Colombia |
| 9 (RLIN) | 35247 |
| 650 #4 - PUNTO DE ACCESO ADICIONAL DE MATERIA--TÉRMINO DE MATERIA | |
| Término de materia o nombre geográfico como elemento de entrada | Fiestas folklóricas |
| Subdivisión geográfica | Colombia |
| 9 (RLIN) | 35248 |
| 651 #4 - PUNTO DE ACCESO ADICIONAL DE MATERIA--NOMBRE GEOGRÁFICO | |
| Nombre geográfico | Colombia |
| Subdivisión general | Vida Social Y Costumbres |
| 9 (RLIN) | 18000 |
| 651 #4 - PUNTO DE ACCESO ADICIONAL DE MATERIA--NOMBRE GEOGRÁFICO | |
| Nombre geográfico | Colombia |
| Subdivisión general | Vida Religiosa Y Costumbres |
| 9 (RLIN) | 35249 |
| 700 1# - PUNTO DE ACCESO ADICIONAL--NOMBRE DE PERSONA | |
| Nombre de persona | Mejía, Eliza. |
| 9 (RLIN) | 35250 |
| 700 1# - PUNTO DE ACCESO ADICIONAL--NOMBRE DE PERSONA | |
| Nombre de persona | Osorio Fonseca, Ramiro |
| 9 (RLIN) | 35251 |
| 910 ## - DATOS DE OPCIÓN DEL USUARIO (OCLC) | |
| Datos de opción del usuario | Catalogación por copia / LC |
| Estado de retiro | Estado de pérdida | Restricciones de uso | No para préstamo | Código de colección | Localización permanente | Ubicación/localización actual | Ubicación en estantería | Fecha de adquisición | Número de inventario | Total de préstamos | Signatura topográfica completa | Código de barras | Fecha visto por última vez | Precio válido a partir de | Tipo de ítem Koha |
|---|---|---|---|---|---|---|---|---|---|---|---|---|---|---|---|
| Monografías: Libros y Folletos | General | General | En catalogación | 16.02.2010 | LF1 | 398.0986 S211s | 15645-10 | 25.06.2020 | 25.06.2020 | Préstamo en sala |
